[Event "1st Sivas Buruciye Open 2019"]
[Site "Sivas"]
[Date "2019.08.21"]
[Round "4"]
[White "Khvadagiani, Nika"]
[Black "Var, Sefa"]
[Result "0-1"]
[WhiteElo "1880"]
[BlackElo "1698"]
[Annotator "NA"]
[PlyCount "62"]
[EventDate "2019.08.19"]
[EventType "swiss"]
[EventCountry "TUR"]
[SourceTitle "playchess.com"]
[Source "ChessBase"]
[SourceQuality "1"]
[TimeControl "5400+30"]

1. Nf3 {[%emt 0:00:30]} d5 {[%emt 0:09:30]} 2. e3 {[%emt 0:01:30]} Nf6 {[%emt 0:01:30]} 3. c4 {[%emt 0:00:30]} c6 {[%emt 0:03:30]} 4. Nc3 {[%emt 0:00:30]} e6 {[%emt 0:01:30]} 5. d4 {[%emt 0:02:30]} Nbd7 {[%emt 0:00:30]} 6. Bd3 {[%emt 0:00:00]} dxc4 {[%emt 0:00:00]} 7. Bxc4 {[%emt 0:00:00]} b5 {[%emt 0:00:00]} 8. Bd3 {[%emt 0:00:30]} Bb7 {[%emt 0:00:30]} 9. O-O {[%emt 0:00:00]} a6 {[%emt 0:00:00]} 10. a3 {[%emt 0:03:00]} c5 $11 {[%emt 0:03:00]} 11. b3 {[%emt 0:03:30]} Bd6 {[%emt 0:13:30]} 12. Bb2 {[%emt 0:00:30]} O-O {[%emt 0:02:30]} 13. Qe2 {[%emt 0:03:30]} Rc8 {[%emt 0:04:30]} 14. Rfd1 {[%emt 0:03:30]} Qe7 {[%emt 0:00:30]} 15. Nb1 {[%emt 0:26:30]} e5 {[%emt 0:09:30]} 16. dxe5 {[%emt 0:04:30]} Nxe5 {[%emt 0:01:30]} 17. Nxe5 {[%emt 0:00:30]} Bxe5 {[%emt 0:00:30]} 18. a4 {[%emt 0:00:30]} c4 {[%emt 0:03:30]} 19. bxc4 {[%emt 0:06:30]} bxc4 {[%emt 0:09:30]} 20. Bf5 {[%emt 0:00:30]} Rc5 {[%emt 0:06:30]} 21. Bh3 {[%emt 0:21:30]} c3 {[%emt 0:01:30]} 22. Ba3 {[%emt 0:00:30]} c2 {[%emt 0:00:00]} 23. Rc1 {[%emt 0:14:12]} cxb1=Q {[%emt 0:02:00]} 24. Rcxb1 {[%emt 0:05:12]} Bxa1 {[%emt 0:01:30]} 25. Rxa1 {[%emt 0:00:58]} Rd8 {[%emt 0:03:30]} 26. Qb2 {[%emt 0:00:59]} Qe5 {[%emt 0:00:30]} 27. Qa2 {[%emt 0:00:37]} Rcd5 {[%emt 0:01:30]} 28. g3 {[%emt 0:00:15]} Rd1+ {[%emt 0:00:30]} 29. Rxd1 {[%emt 0:00:30]} Rxd1+ {[%emt 0:00:00]} 30. Bf1 {[%emt 0:00:00]} Qe4 {[%emt 0:01:00]} 31. f3 {[%emt 0:00:17]} Qxf3 {[%emt 0:00:00]} 0-1

[Event "1st Sivas Buruciye Open 2019"]
[Site "Sivas"]
[Date "2019.08.21"]
[Round "4"]
[White "Ercan, Mehmet Fahri"]
[Black "Karahan, Anil"]
[Result "1/2-1/2"]
[WhiteElo "1854"]
[BlackElo "1721"]
[Annotator "NA"]
[PlyCount "113"]
[EventDate "2019.08.19"]
[EventType "swiss"]
[EventCountry "TUR"]
[SourceTitle "playchess.com"]
[Source "ChessBase"]
[SourceQuality "1"]
[TimeControl "5400+30"]

1. d4 {[%emt 0:18:30]} Nf6 {[%emt 0:00:30]} 2. c4 {[%emt 0:00:30]} g6 {[%emt 0:00:00]} 3. Nc3 {[%emt 0:00:30]} Bg7 {[%emt 0:00:00]} 4. e4 {[%emt 0:01:30]} d6 {[%emt 0:00:00]} 5. f3 {[%emt 0:02:30]} O-O {[%emt 0:00:00]} 6. Be3 {[%emt 0:00:30]} c5 {[%emt 0:00:30]} 7. Nge2 {[%emt 0:00:30]} Nc6 {[%emt 0:00:30]} 8. Qd2 {[%emt 0:00:00]} Nxd4 {[%emt 0:04:30]} 9. Nxd4 {[%emt 0:00:00]} cxd4 {[%emt 0:00:30]} 10. Bxd4 {[%emt 0:00:30]} Nd7 {[%emt 0:01:30] B38: Sicilian: Maroczy Bind with 5...Bg7 and 7...0-0} (10... Be6 11. Be2 a5 12. O-O a4 13. Rac1 Qa5 14. Rc2 Rfc8 15. b3 axb3 16. axb3 Nd7 17. Be3 Qb4 18. Rb1 Nc5 19. Nb5 Qxd2 20. Rxd2 Bd7 21. Kf2 f5 22. exf5 Bxf5 23. Rh1 Nxb3 24. Rdd1 Ra2 25. c5 dxc5 26. g4 Be6 27. Rhe1 Bc4 {0-1 (27) Sargissian,G (2702)-Li,C (2751) Huaian 2016}) 11. Bxg7 {[%emt 0:10:30]} Kxg7 {[%emt 0:00:30]} 12. Qd4+ {[%emt 0:00:30]} Kg8 {[%emt 0:00:30]} 13. O-O-O {[%emt 0:00:30]} Qa5 {[%emt 0:00:30]} 14. Nd5 {[%emt 0:04:30]} Re8 {[%emt 0:05:30]} 15. Kb1 {[%emt 0:00:30]} Ne5 $146 {[%emt 0:04:30]} ({Predecessor:} 15... Rb8 16. h4 Qc5 17. Qd2 Nf8 18. h5 {1-0 (29) Magem Badals,J (2560)-Vila Dupla,A (2290) Spain 1995}) 16. Be2 {[%emt 0:01:30]} Be6 {[%emt 0:14:30]} 17. g4 {[%emt 0:11:30]} Bxd5 {[%emt 0:03:30]} 18. cxd5 {[%emt 0:05:30]} Qb6 {[%emt 0:05:30]} 19. Qxb6 {[%emt 0:01:30]} axb6 {[%emt 0:00:00]} 20. Rc1 {[%emt 0:00:30]} Rec8 {[%emt 0:00:00]} 21. Rxc8+ {[%emt 0:00:00]} Rxc8 {[%emt 0:00:30]} 22. Rc1 {[%emt 0:00:00]} Rxc1+ {[%emt 0:01:30]} 23. Kxc1 {[%emt 0:00:00]} g5 {[%emt 0:00:00]} 24. Kd2 {[%emt 0:02:00]} Kf8 {[%emt 0:02:00]} 25. Ke3 {[%emt 0:00:30]} Ng6 {[%emt 0:00:30]} 26. Bb5 {[%emt 0:00:30]} Ne5 {[%emt 0:02:30]} 27. h3 {[%emt 0:00:30]} Ng6 {[%emt 0:14:30]} 28. Bd7 {[%emt 0:12:30]} Nf4 {[%emt 0:00:30]} 29. Bc8 {[%emt 0:01:30]} Nxh3 {[%emt 0:00:30]} 30. Bxb7 {[%emt 0:00:00]} Ke8 {[%emt 0:00:00]} 31. b4 {[%emt 0:10:29]} Kd8 {[%emt 0:01:00]} 32. Ba6 {[%emt 0:01:38]} Kc7 {[%emt 0:03:30]} 33. a4 {[%emt 0:01:30]} h6 {[%emt 0:03:30]} 34. Bb5 {[%emt 0:02:02]} Nf4 {[%emt 0:01:30]} 35. Kd4 {[%emt 0:00:15]} Ng6 {[%emt 0:01:30]} 36. Be8 {[%emt 0:01:15]} Ne5 {[%emt 0:00:30]} 37. Ke3 {[%emt 0:00:18]} Kd8 {[%emt 0:05:30]} 38. Bb5 {[%emt 0:00:23]} Kc7 {[%emt 0:01:30]} 39. Be2 {[%emt 0:01:22]} Ng6 {[%emt 0:00:00]} 40. Kd4 {[%emt 0:00:28]} Ne5 {[%emt 0:00:00]} 41. Kc3 {[%emt 0:00:46]} Kb7 {[%emt 0:01:30]} 42. a5 {[%emt 0:00:19]} bxa5 {[%emt 0:04:30]} 43. bxa5 {[%emt 0:00:01]} Nd7 {[%emt 0:02:08]} 44. Kb4 {[%emt 0:01:51]} Nc5 {[%emt 0:03:05]} 45. Bb5 {[%emt 0:00:17]} Ka7 {[%emt 0:00:50]} 46. Be8 {[%emt 0:00:42]} Nd3+ {[%emt 0:13:39]} 47. Ka4 {[%emt 0:00:10]} Ne5 {[%emt 0:00:24]} 48. Kb5 {[%emt 0:00:38]} f6 {[%emt 0:00:00]} 49. Bh5 {[%emt 0:00:21]} Kb7 {[%emt 0:00:40]} 50. a6+ {[%emt 0:01:06]} Ka7 {[%emt 0:00:52]} 51. Be8 {[%emt 0:00:22]} Nxf3 {[%emt 0:00:05]} 52. Bd7 {[%emt 0:00:14]} Nd4+ {[%emt 0:01:07]} 53. Kc4 {[%emt 0:01:18]} Nf3 {[%emt 0:00:31]} 54. Kb5 {[%emt 0:00:15]} Nd4+ {[%emt 0:00:28]} 55. Kc4 {[%emt 0:00:51]} Nf3 {[%emt 0:00:08]} 56. Kb5 {[%emt 0:00:00]} Nd4+ $11 {[%emt 0:03:29]} 57. Kc4 {[%emt 0:00:00]} 1/2-1/2

[Event "1st Sivas Buruciye Open 2019"]
[Site "Sivas"]
[Date "2019.08.21"]
[Round "4"]
[White "Sabahi, Ali Can"]
[Black "Kiziltas, Inanc Vefa"]
[Result "1-0"]
[WhiteElo "1825"]
[BlackElo "1826"]
[Annotator "NA"]
[PlyCount "95"]
[EventDate "2019.08.19"]
[EventType "swiss"]
[EventCountry "TUR"]
[SourceTitle "playchess.com"]
[Source "ChessBase"]
[SourceQuality "1"]
[TimeControl "5400+30"]

1. d4 {[%emt 0:00:30]} Nf6 {[%emt 0:02:30]} 2. c4 {[%emt 0:00:30]} e6 {[%emt 0:00:00]} 3. g3 {[%emt 0:00:30]} d5 {[%emt 0:00:00]} 4. Nf3 {[%emt 0:00:00]} Be7 {[%emt 0:00:30]} 5. Bg2 {[%emt 0:00:00]} O-O {[%emt 0:00:30]} 6. O-O {[%emt 0:00:30]} c6 {[%emt 0:00:00]} 7. Qc2 {[%emt 0:01:30]} b6 {[%emt 0:03:00]} 8. Rd1 {[%emt 0:00:30]} Nbd7 {[%emt 0:02:30]} 9. b3 {[%emt 0:00:30]} Bb7 {[%emt 0:00:30]} 10. Nc3 {[%emt 0:00:00]} Rc8 {[%emt 0:00:30]} 11. e4 {[%emt 0:01:00]} c5 {[%emt 0:04:30]} 12. exd5 {[%emt 0:02:30]} exd5 {[%emt 0:02:30]} 13. Ne1 {[%emt 0:09:30]} cxd4 {[%emt 0:17:30]} 14. Rxd4 {[%emt 0:00:30]} Bc5 {[%emt 0:00:30]} 15. Rd1 {[%emt 0:02:30]} Ng4 {[%emt 0:01:30]} 16. Nd3 $11 {[%emt 0:06:30]} Qf6 {[%emt 0:11:30]} 17. Nxc5 {[%emt 0:03:30]} Nxc5 {[%emt 0:04:30]} 18. Ba3 {[%emt 0:21:30]} Rfd8 {[%emt 0:21:30]} 19. Nxd5 {[%emt 0:07:30]} Bxd5 {[%emt 0:03:30]} 20. Bxd5 {[%emt 0:00:30]} Nxb3 {[%emt 0:02:30]} 21. Bxf7+ {[%emt 0:11:30]} Qxf7 {[%emt 0:04:44]} 22. axb3 {[%emt 0:00:00]} Ne5 {[%emt 0:02:37]} 23. Qe4 {[%emt 0:02:00]} Nf3+ {[%emt 0:00:26]} 24. Kg2 {[%emt 0:01:30]} Ng5 {[%emt 0:02:51]} 25. Rxd8+ {[%emt 0:05:30]} Rxd8 {[%emt 0:00:01]} 26. Qc6 {[%emt 0:12:32]} Qf5 {[%emt 0:00:56]} 27. Re1 {[%emt 0:00:22]} h6 {[%emt 0:04:47]} 28. Re8+ {[%emt 0:01:05]} Rxe8 {[%emt 0:00:48]} 29. Qxe8+ {[%emt 0:00:05]} Kh7 {[%emt 0:00:00]} 30. Qe3 {[%emt 0:00:11]} Qh3+ {[%emt 0:01:40]} 31. Kg1 {[%emt 0:00:01]} Qg4 {[%emt 0:00:08]} 32. Be7 {[%emt 0:03:54]} Nf3+ {[%emt 0:02:45]} 33. Kg2 {[%emt 0:00:09]} Nd4 {[%emt 0:00:00]} 34. f3 {[%emt 0:01:26]} Qd7 {[%emt 0:00:53]} 35. Ba3 {[%emt 0:01:40]} Nf5 {[%emt 0:01:00]} 36. Qe2 {[%emt 0:00:28]} h5 {[%emt 0:02:29]} 37. Bb2 {[%emt 0:00:17]} Qd6 {[%emt 0:01:05]} 38. Qc2 {[%emt 0:01:00]} g6 {[%emt 0:01:08]} 39. Qc3 {[%emt 0:00:18]} Qd8 {[%emt 0:00:33]} 40. g4 {[%emt 0:00:54]} Nh4+ {[%emt 0:00:38]} 41. Kh3 {[%emt 0:01:22]} hxg4+ {[%emt 0:00:02]} 42. fxg4 {[%emt 0:00:00]} Qf8 {[%emt 0:00:53]} 43. Kxh4 {[%emt 0:00:00]} g5+ {[%emt 0:00:22]} 44. Kxg5 {[%emt 0:00:35]} Qh6+ {[%emt 0:01:04]} 45. Kf5 {[%emt 0:00:07]} Qg6+ {[%emt 0:00:08]} 46. Kf4 {[%emt 0:00:30]} Qd6+ {[%emt 0:00:07]} 47. Kf3 {[%emt 0:00:00]} Qc6+ {[%emt 0:00:31]} 48. Kf2 {[%emt 0:00:19]} 1-0

[Event "1st Sivas Buruciye Open 2019"]
[Site "Sivas"]
[Date "2019.08.21"]
[Round "4"]
[White "Shahlarov, Faig"]
[Black "Basaran, Cahit"]
[Result "1-0"]
[WhiteElo "1798"]
[BlackElo "1834"]
[Annotator "NA"]
[PlyCount "157"]
[EventDate "2019.08.19"]
[EventType "swiss"]
[EventCountry "TUR"]
[SourceTitle "playchess.com"]
[Source "ChessBase"]
[SourceQuality "1"]
[TimeControl "5400+30"]

1. d4 {[%emt 0:00:30]} d5 {[%emt 0:04:30]} 2. Nc3 {[%emt 0:00:00]} Nf6 {[%emt 0:00:30]} 3. Bf4 {[%emt 0:00:00]} c6 {[%emt 0:00:30]} 4. e3 {[%emt 0:00:00]} e6 {[%emt 0:00:00]} (4... Bf5 5. Nf3 h6 6. Ne5 Nbd7 7. g4 Bh7 8. h4 Nxe5 9. dxe5 Ne4 10. Nxe4 Bxe4 11. f3 Bh7 12. e6 {1-0 (57) Bortnyk,O (2610)-Dreev,A (2653) Riadh 2017}) 5. Bd3 {[%emt 0:01:00]} Bd6 {[%emt 0:00:00]} 6. Nge2 {[%emt 0:08:30] D00: 1 d4 d5: Unusual lines} Bxf4 {[%emt 0:02:30]} 7. Nxf4 {[%emt 0:00:30]} Nbd7 {[%emt 0:00:30]} 8. Nh5 {[%emt 0:07:30]} Nxh5 $146 {[%emt 0:04:30]} ({Predecessor:} 8... O-O 9. Nxf6+ Nxf6 10. f4 Nd7 11. e4 f5 12. e5 {1-0 (85) Batabaev,M (2053)-Abdurahmanov,A Bishkek 2013}) 9. Qxh5 {[%emt 0:00:30]} Nf6 {[%emt 0:00:00]} 10. Qh4 {[%emt 0:01:30]} h6 {[%emt 0:09:00]} 11. f4 {[%emt 0:01:30]} Bd7 {[%emt 0:03:30]} 12. g4 {[%emt 0:00:30]} Nh7 {[%emt 0:00:30]} 13. Qxd8+ {[%emt 0:00:30]} Rxd8 {[%emt 0:00:30]} 14. Bxh7 {[%emt 0:00:30]} Rxh7 {[%emt 0:00:30]} 15. h4 {[%emt 0:00:30]} f6 {[%emt 0:00:30]} 16. Nd1 {[%emt 0:00:30]} e5 {[%emt 0:00:30]} 17. Nf2 {[%emt 0:00:30]} e4 {[%emt 0:00:30]} 18. h5 {[%emt 0:03:30]} Kf7 {[%emt 0:15:30]} 19. f5 {[%emt 0:01:30]} Rhh8 {[%emt 0:00:30]} 20. Nh3 {[%emt 0:01:30]} Ke7 {[%emt 0:02:30]} 21. Nf4 {[%emt 0:00:30]} Kd6 {[%emt 0:00:30]} 22. Kd2 {[%emt 0:01:30]} a5 {[%emt 0:01:30]} 23. b3 {[%emt 0:01:30]} b5 {[%emt 0:03:30]} 24. a4 {[%emt 0:12:30]} b4 {[%emt 0:01:30]} 25. Rhc1 {[%emt 0:01:30]} Rb8 {[%emt 0:02:30]} 26. c3 {[%emt 0:00:30]} bxc3+ {[%emt 0:01:30]} 27. Rxc3 {[%emt 0:00:30]} Rb6 {[%emt 0:01:30]} 28. Kc2 {[%emt 0:01:30]} Rc8 {[%emt 0:00:30]} 29. Rc5 {[%emt 0:00:30]} Ra8 {[%emt 0:00:30]} 30. Kc3 {[%emt 0:00:30]} Ra7 31. Rb1 {[%emt 0:00:30]} Rb4 {[%emt 0:03:00]} 32. Kb2 {[%emt 0:04:30]} Rb6 {[%emt 0:00:30]} 33. Rbc1 {[%emt 0:00:00]} Raa6 {[%emt 0:03:30]} 34. Ka3 {[%emt 0:00:00]} Ra7 {[%emt 0:01:30]} 35. Ne6 {[%emt 0:06:30]} Bxe6 {[%emt 0:01:30]} 36. fxe6 {[%emt 0:00:30]} Raa6 {[%emt 0:00:00]} 37. R5c3 {[%emt 0:06:30]} Kxe6 {[%emt 0:00:00]} 38. Kb2 {[%emt 0:00:30]} Kd6 {[%emt 0:01:30]} 39. Kc2 {[%emt 0:06:30]} Rb7 {[%emt 0:00:30]} 40. Kd2 {[%emt 0:01:30]} Rf7 {[%emt 0:03:30]} 41. Rf1 {[%emt 0:01:30]} Kc7 {[%emt 0:01:30]} 42. Ke2 {[%emt 0:01:30]} Kb6 {[%emt 0:01:30]} 43. Kf2 {[%emt 0:00:30]} Ra8 {[%emt 0:00:30]} 44. Kg3 {[%emt 0:00:30]} Raf8 {[%emt 0:02:30]} 45. Rfc1 {[%emt 0:03:30]} Rc7 {[%emt 0:00:00]} 46. Kf4 {[%emt 0:00:30]} Rfc8 {[%emt 0:02:00]} 47. Rc5 {[%emt 0:01:30]} Ra8 {[%emt 0:00:30]} 48. Rb1 {[%emt 0:02:30]} Ra6 {[%emt 0:04:30]} 49. b4 {[%emt 0:01:30]} axb4 {[%emt 0:01:30]} 50. Rxb4+ {[%emt 0:00:30]} Ka7 {[%emt 0:00:00]} 51. a5 {[%emt 0:00:00]} Ka8 {[%emt 0:04:00]} 52. Rb6 {[%emt 0:03:00]} Ka7 {[%emt 0:02:16]} 53. Rxa6+ {[%emt 0:01:57]} Kxa6 {[%emt 0:00:30]} 54. Kf5 {[%emt 0:00:00]} Kb7 {[%emt 0:08:02]} 55. Ke6 {[%emt 0:00:00]} Rc8 {[%emt 0:00:18]} 56. Kd7 {[%emt 0:00:27]} Rc7+ {[%emt 0:01:40]} 57. Kd6 {[%emt 0:00:13]} Rc8 {[%emt 0:00:31]} 58. Rc3 {[%emt 0:03:31]} Rd8+ {[%emt 0:01:40]} 59. Ke7 {[%emt 0:00:13]} Rc8 {[%emt 0:00:15]} 60. Kd7 {[%emt 0:00:44]} Rc7+ {[%emt 0:00:26]} 61. Kd6 {[%emt 0:00:08]} Rc8 {[%emt 0:01:03]} 62. Rb3+ {[%emt 0:00:18]} Ka6 {[%emt 0:01:00]} 63. Rb6+ {[%emt 0:01:02]} Kxa5 {[%emt 0:00:42]} 64. Rxc6 {[%emt 0:00:06]} Rd8+ {[%emt 0:00:22]} 65. Ke6 {[%emt 0:00:37]} Kb4 {[%emt 0:00:54]} 66. Rc7 {[%emt 0:04:13]} Kb3 {[%emt 0:01:31]} 67. Rc5 {[%emt 0:03:21]} Kb4 {[%emt 0:00:33]} 68. Rxd5 {[%emt 0:00:15]} Re8+ $2 {[%emt 0:00:32]} (68... Ra8) 69. Kf5 $18 {[%emt 0:02:08]} Kc4 {[%emt 0:00:34]} 70. Rd7 {[%emt 0:00:16]} Kd3 {[%emt 0:00:29]} 71. Kf4 {[%emt 0:00:44]} g5+ {[%emt 0:00:56]} 72. hxg6 {[%emt 0:00:07]} Rg8 {[%emt 0:00:13]} 73. g7 {[%emt 0:00:10]} f5 {[%emt 0:00:59]} 74. gxf5 {[%emt 0:00:40]} h5 {[%emt 0:00:04]} 75. f6 {[%emt 0:00:00]} h4 {[%emt 0:00:24]} 76. Ra7 {[%emt 0:00:42]} h3 {[%emt 0:00:08]} 77. Ra3+ {[%emt 0:00:09]} Kc2 {[%emt 0:00:53]} 78. Kg3 {[%emt 0:00:07]} Kb2 {[%emt 0:00:00]} 79. Ra5 {[%emt 0:00:19]} 1-0

[Event "1st Sivas Buruciye Open 2019"]
[Site "Sivas"]
[Date "2019.08.21"]
[Round "4"]
[White "Demir, Ugur"]
[Black "Amanmuradow, Atajan"]
[Result "0-1"]
[WhiteElo "1790"]
[BlackElo "1794"]
[Annotator "NA"]
[PlyCount "128"]
[EventDate "2019.08.19"]
[EventType "swiss"]
[EventCountry "TUR"]
[SourceTitle "playchess.com"]
[Source "ChessBase"]
[SourceQuality "1"]
[TimeControl "5400+30"]

1. e4 {[%emt 0:00:30]} d5 {[%emt 0:00:30]} 2. Nf3 {[%emt 0:00:30]} dxe4 {[%emt 0:00:30]} 3. Ng5 {[%emt 0:00:00]} Qd5 {[%emt 0:08:30]} 4. h4 {[%emt 0:03:00]} Nf6 {[%emt 0:06:30]} 5. Nc3 {[%emt 0:00:30]} Qe5 {[%emt 0:07:30]} 6. Bc4 {[%emt 0:04:30]} e6 {[%emt 0:01:30]} 7. Qe2 {[%emt 0:02:30]} h6 {[%emt 0:08:30]} 8. Ngxe4 {[%emt 0:00:30]} a6 {[%emt 0:02:30]} 9. d4 {[%emt 0:18:30]} Qxd4 {[%emt 0:09:30]} 10. Be3 {[%emt 0:02:30]} Qe5 {[%emt 0:00:30]} 11. f4 {[%emt 0:04:30]} Qa5 {[%emt 0:05:30]} 12. Nxf6+ {[%emt 0:03:30]} gxf6 {[%emt 0:00:00]} 13. Bd2 {[%emt 0:00:30]} Bb4 {[%emt 0:22:00]} 14. O-O-O {[%emt 0:14:30]} Bxc3 {[%emt 0:10:57]} 15. Bxc3 {[%emt 0:00:30]} Qf5 {[%emt 0:00:00]} 16. Kb1 {[%emt 0:06:30]} Rg8 {[%emt 0:01:52]} 17. Rd5 {[%emt 0:12:30]} Qxf4 {[%emt 0:04:29]} 18. Rhd1 {[%emt 0:06:27]} Nc6 {[%emt 0:02:14]} 19. R5d3 {[%emt 0:04:01]} e5 {[%emt 0:02:25]} 20. Bd5 {[%emt 0:04:28]} Bg4 {[%emt 0:01:14]} 21. Bf3 {[%emt 0:00:45]} Bxf3 {[%emt 0:00:52]} 22. Rxf3 {[%emt 0:00:23]} Qxh4 {[%emt 0:00:12]} 23. Rdf1 {[%emt 0:01:29]} O-O-O {[%emt 0:01:13]} 24. Rxf6 {[%emt 0:01:23]} Qg5 {[%emt 0:00:46]} 25. Rxf7 {[%emt 0:01:06]} Rg7 {[%emt 0:01:08]} 26. b3 {[%emt 0:02:15]} Kb8 {[%emt 0:01:11]} 27. Kb2 {[%emt 0:01:12]} Qxg2 {[%emt 0:00:19]} 28. R1f2 {[%emt 0:02:26]} Qg5 {[%emt 0:00:18]} 29. R2f5 {[%emt 0:00:49]} Qg6 {[%emt 0:00:17]} 30. R7f6 {[%emt 0:00:41]} Qg2 {[%emt 0:00:26]} 31. Qxg2 {[%emt 0:01:12]} Rxg2 {[%emt 0:00:02]} 32. Rxh6 {[%emt 0:00:00]} Nd4 {[%emt 0:00:48]} 33. Bxd4 {[%emt 0:01:31]} exd4 {[%emt 0:00:02]} 34. Rfh5 {[%emt 0:00:34]} d3 {[%emt 0:00:06]} 35. Rh8 {[%emt 0:00:00]} Rxh8 {[%emt 0:01:42]} 36. Rxh8+ {[%emt 0:00:00]} Ka7 {[%emt 0:00:00]} 37. Rd8 {[%emt 0:00:35]} Rxc2+ {[%emt 0:01:18]} 38. Kb1 {[%emt 0:00:30]} Rd2 {[%emt 0:00:00]} 39. a4 {[%emt 0:00:35]} b5 {[%emt 0:00:10]} 40. axb5 {[%emt 0:00:53]} axb5 {[%emt 0:00:01]} 41. b4 {[%emt 0:00:20]} Kb6 {[%emt 0:00:20]} 42. Rd5 {[%emt 0:00:31]} c6 {[%emt 0:00:23]} 43. Rd6 {[%emt 0:00:22]} Rd1+ {[%emt 0:00:53]} 44. Kb2 {[%emt 0:00:10]} d2 {[%emt 0:00:23]} 45. Kc2 {[%emt 0:00:52]} Rc1+ {[%emt 0:00:03]} 46. Kxd2 {[%emt 0:00:45]} Rc4 {[%emt 0:00:02]} 47. Kd3 {[%emt 0:00:13]} Rxb4 {[%emt 0:00:30]} 48. Kc3 {[%emt 0:00:08]} Rh4 {[%emt 0:00:00]} 49. Rg6 {[%emt 0:00:23]} b4+ {[%emt 0:00:00]} 50. Kb3 {[%emt 0:01:29]} Kb5 {[%emt 0:00:00]} 51. Rg8 {[%emt 0:00:00]} Rh3+ {[%emt 0:00:00]} 52. Kb2 {[%emt 0:00:31]} c5 {[%emt 0:00:00]} 53. Rg7 {[%emt 0:00:19]} c4 {[%emt 0:00:42]} 54. Rb7+ {[%emt 0:00:29]} Ka5 {[%emt 0:00:15]} 55. Rb8 {[%emt 0:01:04]} Rh2+ {[%emt 0:00:03]} 56. Kc1 {[%emt 0:00:21]} c3 {[%emt 0:00:12]} 57. Rb7 {[%emt 0:00:49]} Ka4 {[%emt 0:00:03]} 58. Rg7 {[%emt 0:00:36]} b3 {[%emt 0:00:43]} 59. Ra7+ {[%emt 0:00:43]} Kb4 {[%emt 0:00:01]} 60. Rb7+ {[%emt 0:00:00]} Kc4 {[%emt 0:00:04]} 61. Rc7+ {[%emt 0:00:29]} Kd4 {[%emt 0:00:01]} 62. Rd7+ {[%emt 0:00:22]} Ke5 {[%emt 0:00:05]} 63. Re7+ {[%emt 0:00:54]} Kd6 {[%emt 0:00:01]} 64. Re1 {[%emt 0:00:00]} Ra2 {[%emt 0:00:08]} 0-1

[Event "1st Sivas Buruciye Open 2019"]
[Site "Sivas"]
[Date "2019.08.21"]
[Round "4"]
[White "Taze, Bulent"]
[Black "Copur, Bulent"]
[Result "1/2-1/2"]
[WhiteElo "1743"]
[BlackElo "1611"]
[Annotator "NA"]
[PlyCount "23"]
[EventDate "2019.08.19"]
[EventType "swiss"]
[EventCountry "TUR"]
[SourceTitle "playchess.com"]
[Source "ChessBase"]
[SourceQuality "1"]
[TimeControl "5400+30"]

1. d4 {[%emt 0:00:30]} d5 {[%emt 0:00:30]} 2. c4 {[%emt 0:00:30]} c6 {[%emt 0:00:30]} 3. Nc3 {[%emt 0:00:00]} Nf6 {[%emt 0:05:30]} 4. e3 {[%emt 0:01:00]} g6 {[%emt 0:00:30]} 5. Nf3 {[%emt 0:02:30]} Bg7 {[%emt 0:06:30]} 6. cxd5 {[%emt 0:02:30]} cxd5 {[%emt 0:07:30]} 7. Bd3 {[%emt 0:03:30]} O-O {[%emt 0:00:30]} 8. O-O {[%emt 0:00:30]} Nc6 {[%emt 0:03:30]} 9. a3 {[%emt 0:00:30]} a6 {[%emt 0:04:30]} 10. h3 {[%emt 0:01:30]} Re8 {[%emt 0:05:30]} 11. Bd2 {[%emt 0:00:30]} e6 {[%emt 0:05:30]} 12. Rc1 {[%emt 0:00:00]} 1/2-1/2

[Event "1st Sivas Buruciye Open 2019"]
[Site "Sivas"]
[Date "2019.08.21"]
[Round "5"]
[White "Sandalakis, Angelos"]
[Black "Yarashov, Azat"]
[Result "1/2-1/2"]
[WhiteElo "2439"]
[BlackElo "2156"]
[Annotator "NA"]
[PlyCount "107"]
[EventDate "2019.08.19"]
[EventType "swiss"]
[EventCountry "TUR"]
[SourceTitle "playchess.com"]
[Source "ChessBase"]
[SourceQuality "1"]
[TimeControl "5400+30"]

1. e4 {[%emt 0:00:30]} c6 {[%emt 0:00:30]} 2. Nc3 {[%emt 0:00:30]} d6 {[%emt 0:03:30]} 3. d4 {[%emt 0:00:30]} Nf6 {[%emt 0:00:00]} 4. Nf3 {[%emt 0:00:30]} Nbd7 {[%emt 0:01:00]} 5. e5 {[%emt 0:01:30]} Nd5 6. e6 fxe6 7. Bd3 Nxc3 8. bxc3 Nf6 9. O-O g6 10. Re1 Bg7 11. Ng5 O-O 12. Nxe6 Bxe6 13. Rxe6 Rf7 14. Qe1 Qd7 15. Bg5 Rc8 16. Rd1 Kf8 17. h4 c5 18. Bxf6 Rxf6 19. d5 c4 20. Bf1 Rxe6 21. dxe6 Qb5 22. Rb1 Qd5 23. Qe3 b6 24. a4 Bf6 25. Rb4 Kg7 26. g3 Qe5 27. Qxe5 Bxe5 28. Rxc4 Rxc4 29. Bxc4 Bxc3 30. Kg2 Kf6 31. f4 Be1 32. Kf3 Bc3 {[%emt 1:11:00]} 33. Bd5 {[%emt 1:09:00]} Be1 34. c4 {[%emt 0:00:00]} Bb4 35. Kf2 Bc3 36. g4 Bd2 37. Kf3 h6 38. g5+ hxg5 {[%emt 0:03:00]} 39. hxg5+ Kg7 40. Kg4 Bc1 41. Bc6 Bb2 42. Be8 a5 43. f5 gxf5+ 44. Kxf5 Bc1 45. Bf7 Bd2 46. g6 {[%emt 0:05:30]} Be1 {[%emt 0:06:00]} 47. Ke4 Bf2 48. Kd5 Bg1 49. Kc6 Bd4 50. Kc7 Kf8 51. Kd7 Bf6 52. Kc6 Bd4 53. Kc7 Kg7 54. Kc6 1/2-1/2